Information Technology Control and Audit /

Gespeichert in:
Bibliographische Detailangaben
1. Verfasser: Gallegos, Fredrerick (ed.)
Weitere Verfasser: Manson, Daniel P. (edición) (edición), Allen-Sentf, Sandra (edición) (edición)
Format: Buch
Sprache:Englisch
Veröffentlicht: Boca Ratón, EUA : Auerbach, 1999, c1999
Schlagworte:
Tags: Tag hinzufügen
Keine Tags, Fügen Sie das erste Tag hinzu!

MARC

LEADER 00000nam^a2200000^a^4500
001 000156926
005 20250521000000.0
009 20260310100521.716
020 |a 0-8493-9994-7 
037 |a Acervo ITESO - Biblioteca 
041 |a ING 
082 |a 658. 00285  |b GAL 
100 |a Gallegos, Fredrerick  |e (ed.) 
245 1 0 |a Information Technology Control and Audit /  |c Ed. de F. Gallegos, D.P. Manson, S. Allen-Sentf. 
264 4 |a Boca Ratón, EUA :  |b Auerbach,  |c 1999, c1999 
300 |a 609 p. 
336 |a texto  |b txt  |2 rdacontenido 
337 |a sin mediación  |b n  |2 rdamedio 
338 |a volumen  |b nc  |2 rdasoporte 
649 |a XX 
650 |a Empresas -  |x Administración 
650 |a Negocios en Internet 
650 |a Exito Administrativo 
650 |a Desarrollo Organizacional 
650 |a Cambio Organizacional 
650 |a Organización Administrativa 
650 |a Proceso Administrativo -  |x Dirección 
650 |a Tecnologías de Comunicación e Información 
650 |a Computadoras -  |x Seguridad 
650 |a Redes de Computadoras 
650 |a Auditoría Informática 
650 |a Sistemas de Información -  |x Administración 
650 |a Tecnologías de Comunicación e Información 
650 |a Informática 
650 |a Ingeniería Computacional 
650 |a Administración 
650 |a Ciencias Administrativas 
700 |a Manson, Daniel P.  |e (edición) 
700 |a Allen-Sentf, Sandra  |e (edición) 
910 |a Fondo General 
920 |a Impresos - Libros 
930 |a Colección General 
905 |a 101 
901 |a 0500083947  |b IT1  |c ACC  |u 20250521 
902 |a https://opac.biblio.iteso.mx/vufind/Record/000156926